| 000 | 00452nam a2200157 i 4500 | ||
|---|---|---|---|
| 001 | 44841 | ||
| 003 | ES-MaACL | ||
| 005 | 20230906161114.0 | ||
| 007 | t| | ||
| 008 | 030324s1963 sp ||||1| spa d | ||
| 100 | 1 |
_aCloriviere, Pierre de. _939283 |
|
| 245 | 1 | 0 |
_aCartas circulares 1799-1808 / _cPierre de Cloriviere. |
| 260 |
_aValencia : _bBiblioteca y Documentación, _c[1963] |
||
| 300 |
_a368 p. ; _c20 cm. |
||
| 852 |
_aES-MaACL _jC-25062 _bR.53775 |
||
| 999 |
_c44841 _d44841 |
||